Dog Breeds by Picture: AKC Working Group - Statistics

General Stats
  • This quiz has been taken 124 times
    122 since last reset
  • The average score is 17 of 32
Answer Stats
Picture Answer % Correct
Siberian Husky
90%
Rottweiler
84%
Boxer
82%
Dobermann Pinscher
80%
Saint Bernard
80%
Great Dane
77%
English Mastiff
73%
American Akita
71%
Samoyed
71%
Newfoundland
70%
Alaskan Malamute
68%
Bernese Mountain Dog
68%
Cane Corso
65%
Giant Schnauzer
62%
Tibetan Mastiff
59%
Great Pyrenees
58%
Anatolian Shepherd Dog
48%
Komondor
47%
Portuguese Water Dog
47%
Greater Swiss Mountain Dog
44%
Neapolitan Mastiff
44%
Leonberger
43%
Bullmastiff
42%
Dogo Argentino
42%
Dogue De Bordeaux
38%
Standard Schnauzer
35%
Boerboel
34%
Black Russian Terrier
27%
German Pinscher
25%
Kuvasz
23%
Chinook
18%
Danish-Swedish Farmdog
9%
No matching quizzes found
Score Distribution
Percent of People with Each Score
Percentile by Number Answered
Your Score History
You have not taken this quiz since the last reset